| 000 | 01059nam a2200289 a 4500 | ||
|---|---|---|---|
| 001 | 000004831 | ||
| 003 | DO-SdBNP | ||
| 005 | 20211004144116.0 | ||
| 007 | ta | ||
| 008 | 090727s 2000 dr b 000 0 spa d | ||
| 040 |
_aDO-SdBNP _bspa _cBNPHU |
||
| 082 | 4 |
_aBNPHU 321.8 _bS593e |
|
| 100 | 1 |
_aSimó Torres, Dennis R. _914023 |
|
| 245 | 1 | 0 |
_aEstaba escrito / _cDennis R. Simó ; prólogo Manuel A. García Arévalo. |
| 260 |
_aSanto Domingo : _bAmigo del Hogar, _c2000. |
||
| 300 |
_a168 p. : _bil., map. ; _c23 cm. |
||
| 500 | _aIncluye datos biográficos en la solapa de la cubierta | ||
| 590 | _aInventariado, 2018/LP | ||
| 650 | 1 | 4 |
_aDemocratización _914024 |
| 650 | 1 | 4 |
_aEducación _zRepública Dominicana _9737 |
| 651 | 1 | 4 |
_aRepública Dominicana _xPolítica y gobierno _y1961- _9204 |
| 651 | 1 | 4 |
_aRepública Dominicana _xPolítica social _92627 |
| 651 | 1 | 4 |
_aRepública Dominicana _xCondiciones económicas _9281 |
| 700 | 1 |
_a García Arévalo, Manuel Antonio, _d1948- _epról. _959457 |
|
| 910 | _aValidado. Control de calidad. MMOLINA | ||
| 942 |
_2ddc _cLBS1 |
||
| 999 |
_c4637 _d4637 |
||